| 000 | 01572nam a2200337 c 4500 | ||
|---|---|---|---|
| 003 | BLK | ||
| 005 | 20191202091835.0 | ||
| 008 | 180408b bul|||||r ||||||| ||bul|| | ||
| 010 | _aKNG00088769000 | ||
| 020 |
_a978-954-09-0124-4 _bиздат.: Захарий Стоянов - на том(т. 4) |
||
| 040 | _aBLK | ||
| 041 |
_aBUL _cBUL |
||
| 080 |
_aБългарска литература _b821.163.2 _x(081) _z821.163.2(081) |
||
| 080 |
_aДраматични театри. Театри за драма и комедия. Вж и 82-2 _b792.2 _x _z792.2 |
||
| 080 |
_aБългарска литература _b821.163.2 _x-8 _z821.163.2-8 |
||
| 100 | 1 |
_aЦанков, Вили Христов _eпърви автор _9274049 |
|
| 139 |
_aЦанков, Вили Христов _bЦ 17 |
||
| 245 | 1 | 0 |
_aСъчинения _bВ 5 т. _cВили Христов Цанков. _nТ. 4 _pВилиси |
| 257 | _aBGR | ||
| 260 |
_аСофия _c2008 _fСофия : Д. Благоев |
||
| 300 | _c24 см | ||
| 380 | _aX | ||
| 490 | 1 | _aПоредица Мелпомена | |
| 505 |
_g _r _tЧерупката |
||
| 760 | 1 |
_3- на том(т. 4) _aЦанков, Вили Христов _dЗахарий Стоянов, 2008 _h312 с. _nСъдържа и Змей ; Вили Цанков / Петър Караангов ; Ерудитът / Радко Дишлиев _tТ. 4 Вилиси |
|
| 852 | _aЦб 243557 | ||
| 856 | 4 |
_qpdf _u |
|
| 856 | 4 |
_qpdf _u |
|
| 942 |
_cKNG _n0 _01 |
||
| 944 |
_aCR _c07.04.2009 _lф / _kМилена_Ачева |
||
| 944 |
_aED _c14.08.2015 _lф / _kЛюдмила_Стоянова |
||
| 999 |
_c84202 _d84202 |
||